| Поле | Название | Значение |
| |
Тип записи |
a |
| |
Библиографический уровень |
m |
| 001 |
Контрольный номер |
RU/SLIB/B/208726184 |
| 005 |
Дата корректировки |
20241227094545.2 |
| 010 |
Индекс ISBN |
__ |
| d |
Цена |
1-50 |
| 101 |
Язык документа |
0_ |
| a |
Язык текста |
rus |
| 200 |
Заглавие и сведения об ответственности |
1_ |
| a |
Заглавие |
Зову живых |
| e |
Сведения, относящиеся к заглавию |
повесть о М. Петрашевском |
| b |
Общее обозначение материала |
Текст |
| 205 |
Сведения об издании |
__ |
| a |
Основные сведения об издании |
2-е изд. |
| 210 |
Выходные данные |
1_ |
| a |
Место издания |
М. |
| c |
Издательство |
Политиздат |
| d |
Дата издания |
1981 |
| 215 |
Физическое описание |
__ |
| a |
Объем |
423 с., 7 л. ил |
| 225 |
Серия |
2_ |
| a |
Серия |
Пламенные революционеры |
| 330 |
Аннотация |
__ |
| a |
Аннотация |
В центре повествования - дерзкая, светлая и в то же время трагическая фигура Михаила Васильевича Петрашевского, неутомимого "пропагандиста" и непреклонного борца. В мрачную николаевскую эпоху этот самотверженный человек поверил в будущее счастливое общество. И никакие выпавшие на его долю испытания не заставили Петрашевского поступиться своими убеждениями |
| 600 |
Персоналии |
_1 |
| a |
Персоналии (Фамилия) |
Петрашевский М. |
| 606 |
Тематические рубрики |
__ |
| a |
Основная рубрика |
История |
| y |
Географическая подрубрика |
Россия |
| 606 |
Тематические рубрики |
__ |
| a |
Основная рубрика |
Россия в XVIII в. - 1917 г. |
| 606 |
Тематические рубрики |
__ |
| a |
Основная рубрика |
Художественная литература |
| 606 |
Тематические рубрики |
__ |
| a |
Основная рубрика |
Русская литература XX в. (произведения) |
| 610 |
Ключевые слова |
0_ |
| a |
Ключевые слова |
социализм; революционеры; повести |
| 686 |
Индексы других классификаций |
__ |
| a |
Классификационный индекс |
63.3(2)521-8 |
| 686 |
Индексы других классификаций |
__ |
| a |
Классификационный индекс |
84(2Рос=Рус)6-4; ст63.3(2)521-8+ст84(2Рос=Рус)6-4 |
| 700 |
Автор |
_1 |
| a |
Фамилия |
Кокин |
| b |
Имя |
Л. М. |
| 4 |
Код отношения |
070 |
| 801 |
Источник записи |
_0 |
| a |
Страна |
RU |
| b |
Организация |
Муниципальное бюджетное учреждение культуры "Централизованная библиотечная система" г. Сургут (Центральная городская библиотека им. А. С. Пушкина) |
| g |
Правила каталогизации |
КиК/Елгина |
| 801 |
Источник записи |
_1 |
| a |
Страна |
RU |
| b |
Организация |
Муниципальное бюджетное учреждение культуры "Централизованная библиотечная система" г. Сургут (Центральная городская библиотека им. А. С. Пушкина) |
| g |
Правила каталогизации |
КиК/Елгина |
| 852 |
Данные о местонахождении |
__ |
| j |
Шифр хранения |
63.3(2)521-8 |
| c |
Каталожный индекс |
63.3(2)521-8; 84(2Рос=Рус)6-4 |
| i |
Авторский знак |
К 59 |
| p |
Инвентарный номер |
9097 |
| 901 |
Тип документа |
__ |
| t |
Тип документа |
m |
| 990 |
Данные о заказе (DOS) |
__ |
| j |
Количество экземпляров (DOS) |
2 |
| t |
N записи в КСУ для И/У (DOS) |
199101 |